Match the Author to Their Book #3 - Statistics

General Stats
  • This quiz has been taken 54 times
  • The average score is 12 of 15
Answer Stats
Hint Answer % Correct
The Grapes of Wrath John Steinbeck
100%
The Da Vinci Code Dan Brown
97%
Alice in Wonderland Lewis Carroll
97%
Don Quixote Miguel de Cervantes
93%
Lolita Vladimir Nabokov
93%
Robinson Crusoe Daniel Defoe
90%
Madame Bovary Gustave Flaubert
90%
Ulysses James Joyce
90%
Gulliver's Travels Jonathan Swift
86%
Heart of Darkness Joseph Conrad
79%
The Girl With the Dragon Tattoo Stieg Larsson
76%
The Secret Garden Frances Hodgson Burnett
55%
The Notebook Nicholas Sparks
52%
The Haunting of Hill House Shirley Jackson
48%
The Help Kathryn Stockett
45%
No matching quizzes found
Score Distribution
Percent of People with Each Score
Percentile by Number Answered
Your Score History
You have not taken this quiz